ALL INDIA RRPORTER [1990] [VOL-77] SUPREME COURT SECTION (Record no. 7207)

MARC details
000 -LEADER
fixed length control field 00399nam a22001457a 4500
005 - DATE AND TIME OF LATEST TRANSACTION
control field 20200617153232.0
008 - FIXED-LENGTH DATA ELEMENTS--GENERAL INFORMATION
fixed length control field 200617b xxu||||| |||| 00| 0 eng d
082 ## - DEWEY DECIMAL CLASSIFICATION NUMBER
Classification number 345.4 AIR
110 ## - MAIN ENTRY--CORPORATE NAME
Corporate name or jurisdiction name as entry element ALL INDIA RRPORTER
245 ## - TITLE STATEMENT
Title ALL INDIA RRPORTER [1990] [VOL-77] SUPREME COURT SECTION
260 ## - PUBLICATION, DISTRIBUTION, ETC. (IMPRINT)
Place of publication MUMBAI
Name of publisher ALL INDIA RRPORTER, PVT. LTD.
300 ## - PHYSICAL DESCRIPTION
Number of Pages 2304;p
650 ## - SUBJECT ADDED ENTRY--TOPICAL TERM
Topical Term LAW
942 ## - ADDED ENTRY ELEMENTS (KOHA)
Koha item type Journals/Serial
Holdings
Lost status Damaged status Collection code Home library Current library Shelving location Date acquired Source of acquisition Full call number Accession Number Koha item type
    LAW JRU Library JRU Library SHELF-38-D 29/06/2020 PURCHESS 345.4 AIR 24773 Journals/Serial